000 00529nam a2200169 i 4500
001 44046
003 ES-MaACL
005 20230906160937.0
007 t|
008 030320s1919 fr ||||1| fre d
100 1 _aCaziot, Pierre.
_937247
245 1 4 _aUne solution du problème agraire
_b: la terre áa la famille paysanne /
_cP. Caziot.
260 _aParis :
_b[s.n.,
_c1919] (
_eMayenne :
_fImp. Charles Colin)
300 _a160 p. ;
_c19 cm.
650 0 4 _aPropiedad rústica-
_zFrancia.
_916499
852 _aES-MaACL
_jF-10344
999 _c44046
_d44046